[Event "BLR-ch U20 Boys 2021"]
[Site "Minsk"]
[Date "2021.04.20"]
[Round "5.4"]
[White "Runets, Ivan"]
[Black "Silich, Yahor"]
[Result "1/2-1/2"]
[WhiteElo "2257"]
[BlackElo "2325"]
[Annotator "TA"]
[PlyCount "161"]
[EventDate "2021.04.20"]
[EventType "tourn"]
[EventCountry "BLR"]
[SourceTitle "playchess.com"]
[Source "ChessBase"]
[SourceQuality "1"]

{[%evp 22,161,39,27,36,31,31,16,0,-20,-14,-15,-14,-16,0,-15,-12,-18,-18,-24,-19,-20,-20,-31,-24,-59,-2,-2,-7,-8,16,-54,-13,-13,-16,-16,-20,-26,18,0,-2,-5,-2,-2,-7,-8,-4,-2,0,-11,-8,-8,0,0,0,-28,-25,-25,-25,-25,0,0,0,-3,-3,-3,-3,-3,0,0,0,0,0,0,0,0,0,0,0,0,0,0,0,0,0,0,0,0,0,0,0,0,0,0,0,0,0,0,0,0,0,0,0,0,0,0,0,0,0,0,0,0,0,0,0,0,0,0,0,0,0,0,0,0,0,0,0,0,0,0,0,0,0,0,0,0,0,0,0,0,0,0]} 1. Nf3 Nf6 2. d4 g6 3. g3 Bg7 4. Bg2 O-O 5. O-O d6 6. Nc3 Nbd7 7. e4 e5 8. a4 a5 9. Re1 c6 10. h3 Qc7 11. Be3 Re8 12. Qd2 b6 {B07: Pirc Defence: Miscellaneous Systems.} 13. Rad1 Bb7 {[#]} 14. dxe5 $146 ({Predecessor:} 14. Nh2 Rad8 15. f4 Nh5 16. Qf2 exd4 17. Bxd4 Bxd4 18. Qxd4 Ndf6 19. g4 c5 20. Qf2 {1-0 (28) Arsovic,Z (2374)-Sredojevic,I (2288) Paracin 2021}) 14... dxe5 15. Bh6 Nc5 16. Bxg7 Kxg7 17. Qd6 Rac8 18. Bf1 {[#]} Nd5 $1 19. Qxc7 Nxc7 20. Rd6 f6 21. Red1 Re6 22. R6d2 Re7 23. h4 N7e6 (23... b5 $15) 24. Bc4 $11 h5 25. Rd6 Kf8 26. R6d2 ({Better is} 26. Nd2 $11) 26... Ke8 (26... b5 $5 27. axb5 cxb5 28. Bxe6 Rxe6 29. Rd8+ Re8 30. Rxc8 Rxc8 31. Nxb5 Nxe4 $17) 27. Kf1 Rd8 28. Rxd8+ Nxd8 29. Rd6 Nde6 30. Ke2 Kf7 31. Ke3 Re8 32. b3 Ke7 33. Rd1 Rd8 34. Rxd8 Kxd8 35. Ne2 Ke7 36. Nd2 g5 37. Bxe6 Kxe6 {[%mdl 4096] Endgame KBN-KNN} 38. Nf3 g4 39. Nd2 Ba6 40. Nc3 b5 41. axb5 {The position is equal.} cxb5 42. b4 axb4 43. Nd5 Bb7 44. Nxb4 f5 45. exf5+ Kxf5 46. Nd3 Ne6 47. Nb3 Be4 48. Nb4 Bb7 49. c3 Be4 50. Na6 Bb7 51. Nb4 Be4 52. Nd2 Bh1 53. Nb1 Bb7 54. Na3 Nc7 55. Nd3 Be4 56. Nc5 Bc6 57. Nc2 Bg2 58. Kd3 {[#] Hoping for Ne3+.} Bc6 59. Ne3+ Kf6 60. Kc2 (60. Ne4+ {is more complex.} Ke6 61. Ng5+ Kf6 62. Ne4+) 60... Nd5 61. Nxd5+ (61. Kb3 {with more complications.} Nxe3 62. fxe3 Ke7 63. Kb4 Kd6 64. Nd3) 61... Bxd5 {KB-KN} 62. Kb2 Ke7 63. Ka3 Kd6 64. Kb4 Bc6 (64... Bc4 $5 65. Ne4+ $8 Kc6 $11) 65. c4 bxc4 66. Kxc4 Bd5+ (66... Bf3 {feels hotter.} 67. Nd3 Bg2 68. Kc3 Be4 69. Kd2 Bg6) 67. Kb4 Bf3 (67... e4 $5) 68. Nb3 Kd5 69. Kc3 $1 Bd1 70. Nc1 Ke4 {aiming for ...Kf3.} 71. Kd2 $1 {[%cal Rd2d1]} Ba4 {Threatens to win with ...Kf3.} 72. Ke1 Bb5 73. Nb3 Bc6 74. Nd2+ Kd3 75. Nf1 Bd5 76. Ne3 Be6 77. Kf1 Kd2 78. Kg1 Kd3 79. Kg2 Kd2 80. Kf1 e4 81. Ng2 {Weighted Error Value: White=0.06/Black=0.06} 1/2-1/2

[Event "BLR-ch U20 Boys 2021"]
[Site "Minsk"]
[Date "2021.04.21"]
[Round "6.1"]
[White "Zarubitski, Viachaslau"]
[Black "Silich, Yahor"]
[Result "1-0"]
[WhiteElo "2456"]
[BlackElo "2325"]
[Annotator "ChessBase"]
[PlyCount "49"]
[EventDate "2021.04.20"]
[EventType "tourn"]
[EventCountry "BLR"]
[SourceTitle "playchess.com"]
[Source "ChessBase"]
[SourceQuality "1"]
[TimeControl "40/5400+30:1800+30"]

1. d4 {[%emt 0:02:26]} Nf6 {[%emt 0:00:00]} 2. c4 {[%emt 0:00:06]} g6 {[%emt 0:00:00]} 3. Nc3 {[%emt 0:00:04]} Bg7 {[%emt 0:00:00]} 4. e4 {[%emt 0:00:08]} d6 {[%emt 0:00:03]} 5. Be2 {[%emt 0:00:09]} O-O {[%emt 0:00:07]} 6. h4 {[%emt 0:00:04]} Nc6 {[%emt 0:28:33]} 7. d5 {[%emt 0:01:38]} Ne5 {[%emt 0:00:10]} 8. h5 {[%emt 0:01:26]} e6 {[%emt 0:00:58]} 9. f4 {[%emt 0:22:23]} Ned7 {[%emt 0:00:52]} 10. dxe6 {[%emt 0:00:45]} fxe6 {[%emt 0:00:06]} 11. hxg6 {[%emt 0:00:08]} hxg6 {[%emt 0:00:09]} 12. Qd3 {[%emt 0:07:53]} e5 {[%emt 0:26:59]} 13. f5 {[%emt 0:10:20]} Nc5 {[%emt 0:01:11]} 14. Qh3 {[%emt 0:00:09]} Ncxe4 {[%emt 0:09:56]} 15. Nxe4 {[%emt 0:00:37]} Bxf5 {[%emt 0:00:06]} 16. Nxf6+ {[%emt 0:00:08]} Qxf6 {[%emt 0:00:02]} 17. g4 {[%emt 0:15:57]} Be4 {[%emt 0:02:25]} 18. Rh2 {[%emt 0:00:12]} g5 {[%emt 0:02:46]} 19. Nf3 {[%emt 0:11:12]} Bg6 {[%emt 0:00:03]} 20. Bxg5 {[%emt 0:04:33]} Qf7 {[%emt 0:01:51]} 21. Bh6 {[%emt 0:01:57]} e4 {[%emt 0:00:21]} 22. Ng5 {[%emt 0:00:11]} Qf6 {[%emt 0:00:10]} 23. Bxg7 {[%emt 0:00:32]} Qxg7 {[%emt 0:00:11]} 24. O-O-O {[%emt 0:01:29]} Rae8 {[%emt 0:00:06]} 25. c5 {[%emt 0:04:45]} 1-0

[Event "BLR-ch U20 Boys 2021"]
[Site "Minsk"]
[Date "2021.04.21"]
[Round "6.2"]
[White "Galkin, Gleb"]
[Black "Runets, Ivan"]
[Result "1-0"]
[WhiteElo "2225"]
[BlackElo "2257"]
[Annotator "NA"]
[PlyCount "63"]
[EventDate "2021.04.20"]
[EventType "tourn"]
[EventCountry "BLR"]
[SourceTitle "playchess.com"]
[Source "ChessBase"]
[SourceQuality "1"]
[TimeControl "40/5400+30:1800+30"]

1. d4 {[%emt 0:02:29]} Nf6 {[%emt 0:00:31]} 2. c4 {[%emt 0:00:04]} e6 {[%emt 0:00:03]} 3. Nf3 {[%emt 0:00:05]} d5 {[%emt 0:00:05]} 4. Nc3 {[%emt 0:00:05]} Be7 {[%emt 0:00:39]} 5. g3 {[%emt 0:00:28]} O-O {[%emt 0:01:33]} 6. Bg2 {[%emt 0:00:51]} dxc4 {[%emt 0:04:00]} 7. Ne5 {[%emt 0:00:16]} Nc6 {[%emt 0:03:42]} 8. Bxc6 {[%emt 0:00:09]} bxc6 {[%emt 0:00:04]} 9. Nxc6 {[%emt 0:00:03]} Qe8 {[%emt 0:00:12]} 10. Nxe7+ {[%emt 0:00:04]} Qxe7 {[%emt 0:00:06]} 11. Qa4 {[%emt 0:00:14]} e5 {[%emt 0:13:09]} 12. dxe5 {[%emt 0:01:21]} Qxe5 {[%emt 0:03:12]} 13. Qxc4 {[%emt 0:01:10]} Bh3 {[%emt 0:04:58]} 14. Bf4 {[%emt 0:07:46]} Qh5 {[%emt 0:06:13]} 15. O-O-O {[%emt 0:07:28]} Be6 {[%emt 0:00:06]} 16. Qc6 {[%emt 0:05:37]} Rab8 {[%emt 0:15:52]} 17. Be3 {[%emt 0:07:10]} Qa5 {[%emt 0:08:00]} 18. Rd4 {[%emt 0:16:52]} Rb6 {[%emt 0:13:41]} 19. Qa4 {[%emt 0:04:16]} Qa6 {[%emt 0:00:39]} 20. Rhd1 {[%emt 0:03:36]} Qc8 {[%emt 0:02:52]} 21. Qxa7 {[%emt 0:05:24]} Rb8 {[%emt 0:07:22]} 22. Bf4 {[%emt 0:07:26]} Rb7 {[%emt 0:02:46]} 23. Qa6 {[%emt 0:01:32]} Rb8 {[%emt 0:05:01]} 24. Qxc8 {[%emt 0:00:18]} Rbxc8 {[%emt 0:00:08]} 25. f3 {[%emt 0:03:01]} c6 {[%emt 0:02:25]} 26. e4 {[%emt 0:01:17]} Ra8 {[%emt 0:00:01]} 27. b3 {[%emt 0:01:03]} Rfc8 {[%emt 0:03:14]} 28. Na4 {[%emt 0:02:07]} c5 {[%emt 0:02:24]} 29. R4d2 {[%emt 0:00:46]} c4 {[%emt 0:00:54]} 30. Nb6 {[%emt 0:00:29]} cxb3+ {[%emt 0:00:26]} 31. Nxc8 {[%emt 0:00:06]} g5 {[%emt 0:00:38]} 32. Ne7+ {[%emt 0:01:33]} 1-0

[Event "BLR-ch U20 Boys 2021"]
[Site "Minsk"]
[Date "2021.04.21"]
[Round "6.3"]
[White "Bialiauski, Artsiom"]
[Black "Tsaruk, Maksim"]
[Result "0-1"]
[WhiteElo "2077"]
[BlackElo "2306"]
[Annotator "NA"]
[PlyCount "58"]
[EventDate "2021.04.20"]
[EventType "tourn"]
[EventCountry "BLR"]
[SourceTitle "playchess.com"]
[Source "ChessBase"]
[SourceQuality "1"]
[TimeControl "40/5400+30:1800+30"]

1. Nf3 {[%emt 0:00:00]} Nf6 {[%emt 0:00:39]} 2. g3 {[%emt 0:00:03]} Nc6 {[%emt 0:01:57]} 3. d4 {[%emt 0:04:16]} d5 {[%emt 0:00:09]} 4. Bg2 {[%emt 0:01:54]} Bf5 {[%emt 0:00:04]} 5. O-O {[%emt 0:08:33]} e6 {[%emt 0:00:04]} 6. c4 {[%emt 0:02:50]} Be7 {[%emt 0:00:05]} 7. Nc3 {[%emt 0:02:49]} dxc4 {[%emt 0:00:51]} 8. Ne5 {[%emt 0:03:29]} O-O {[%emt 0:06:17]} 9. Nxc6 {[%emt 0:10:23]} bxc6 {[%emt 0:00:07]} 10. Qa4 {[%emt 0:00:16]} Qxd4 {[%emt 0:05:20]} 11. Be3 {[%emt 0:07:21]} Qd6 {[%emt 0:17:25]} 12. Qxc6 {[%emt 0:12:43]} Rab8 {[%emt 0:12:29]} 13. Qxc4 {[%emt 0:10:10]} Rxb2 {[%emt 0:00:30]} 14. Rfd1 {[%emt 0:09:37]} Rb4 {[%emt 0:04:17]} 15. Rxd6 {[%emt 0:00:16]} Rxc4 {[%emt 0:00:06]} 16. Rc6 {[%emt 0:00:05]} Rxc6 {[%emt 0:00:13]} 17. Bxc6 {[%emt 0:00:03]} a6 {[%emt 0:02:39]} 18. f3 {[%emt 0:05:37]} e5 {[%emt 0:12:00]} 19. Nd5 {[%emt 0:06:27]} Nxd5 {[%emt 0:01:30]} 20. Bxd5 {[%emt 0:00:18]} Rb8 {[%emt 0:07:36]} 21. a4 {[%emt 0:04:25]} Rb1+ {[%emt 0:06:41]} 22. Rxb1 {[%emt 0:00:10]} Bxb1 {[%emt 0:00:04]} 23. Bd2 {[%emt 0:04:12]} Bc2 {[%emt 0:03:45]} 24. a5 {[%emt 0:00:40]} Ba4 {[%emt 0:00:11]} 25. Bc3 {[%emt 0:00:11]} c6 {[%emt 0:03:45]} 26. Bc4 {[%emt 0:02:14]} Bb5 {[%emt 0:00:17]} 27. Bxb5 {[%emt 0:00:04]} cxb5 {[%emt 0:00:04]} 28. Bxe5 {[%emt 0:00:06]} Bb4 {[%emt 0:00:13]} 29. Bc7 {[%emt 0:00:26]} Bd2 {[%emt 0:00:07]} 0-1

[Event "BLR-ch U20 Boys 2021"]
[Site "Minsk"]
[Date "2021.04.21"]
[Round "6.4"]
[White "Lazavik, Denis"]
[Black "Siniauski, Artsiom"]
[Result "1/2-1/2"]
[WhiteElo "2438"]
[BlackElo "2277"]
[Annotator "NA"]
[PlyCount "60"]
[EventDate "2021.04.20"]
[EventType "tourn"]
[EventCountry "BLR"]
[SourceTitle "playchess.com"]
[Source "ChessBase"]
[SourceQuality "1"]
[TimeControl "40/5400+30:1800+30"]

1. Nf3 {[%emt 0:00:00]} Nf6 {[%emt 0:00:00]} 2. c4 {[%emt 0:00:13]} e6 {[%emt 0:00:35]} 3. g3 {[%emt 0:00:53]} b6 {[%emt 0:02:08]} 4. Bg2 {[%emt 0:01:02]} Bb7 {[%emt 0:00:17]} 5. O-O {[%emt 0:00:57]} c5 {[%emt 0:00:46]} 6. Nc3 {[%emt 0:05:18]} Be7 {[%emt 0:02:09]} 7. Re1 {[%emt 0:07:51]} d5 {[%emt 0:13:59]} 8. cxd5 {[%emt 0:04:40]} Nxd5 {[%emt 0:00:29]} 9. Nxd5 {[%emt 0:22:35]} Qxd5 {[%emt 0:01:33]} 10. d4 {[%emt 0:04:58]} cxd4 {[%emt 0:04:46]} 11. Qxd4 {[%emt 0:00:34]} Qxd4 {[%emt 0:05:03]} 12. Nxd4 {[%emt 0:00:09]} Bxg2 {[%emt 0:00:08]} 13. Kxg2 {[%emt 0:00:08]} Nd7 {[%emt 0:00:45]} 14. Be3 {[%emt 0:03:42]} Bc5 {[%emt 0:08:57]} 15. Red1 {[%emt 0:08:57]} e5 {[%emt 0:15:26]} 16. Nf5 {[%emt 0:13:09]} g6 {[%emt 0:00:56]} 17. Bxc5 {[%emt 0:01:52]} Nxc5 {[%emt 0:00:15]} 18. Ne3 {[%emt 0:00:29]} Rd8 {[%emt 0:01:32]} 19. b4 {[%emt 0:05:19]} Ne6 {[%emt 0:17:30]} 20. Ng4 {[%emt 0:01:25]} Rd4 {[%emt 0:00:35]} 21. Nxe5 {[%emt 0:01:14]} Rxb4 {[%emt 0:00:12]} 22. a4 {[%emt 0:03:28]} Re4 {[%emt 0:02:10]} 23. Nc6 {[%emt 0:00:38]} Rxe2 {[%emt 0:00:38]} 24. a5 {[%emt 0:01:04]} bxa5 {[%emt 0:00:54]} 25. Rxa5 {[%emt 0:00:14]} O-O {[%emt 0:00:36]} 26. Rxa7 {[%emt 0:00:14]} Rc2 {[%emt 0:00:24]} 27. Nd4 {[%emt 0:00:18]} Nxd4 {[%emt 0:00:11]} 28. Rxd4 {[%emt 0:00:06]} Kg7 {[%emt 0:00:22]} 29. h4 {[%emt 0:00:10]} h5 {[%emt 0:00:10]} 30. Rf4 {[%emt 0:00:07]} Rc6 {[%emt 0:00:06]} 1/2-1/2

[Event "BLR-ch U20 Boys 2021"]
[Site "Minsk"]
[Date "2021.04.22"]
[Round "7.1"]
[White "Siniauski, Artsiom"]
[Black "Zarubitski, Viachaslau"]
[Result "0-1"]
[WhiteElo "2277"]
[BlackElo "2456"]
[Annotator "TA"]
[PlyCount "80"]
[EventDate "2021.04.20"]
[EventType "tourn"]
[EventCountry "BLR"]
[SourceTitle "playchess.com"]
[Source "ChessBase"]
[SourceQuality "1"]

{[%evp 17,80,13,15,11,52,7,8,-12,-5,-12,-12,-9,-8,-20,-7,-10,-8,-12,-16,-16,-15,-35,-16,-32,0,-23,0,-98,-87,-133,-112,-109,-111,-290,-299,-296,-239,-762,-749,-939,-917,-1360,-1354,-1353,-1302,-1335,-1308,-1234,-1213,-6391,-6391,-2694,-2678,-29984,-29985,-29987,-29988,-29988,-29989,-29992,-29985,-29979,-29980,-29980,-5800]} 1. e4 c5 2. Nf3 Nc6 3. Bb5 g6 4. Bxc6 bxc6 5. O-O Bg7 6. Re1 Nh6 7. c3 O-O 8. d4 cxd4 9. cxd4 d5 10. e5 {B31: Sicilian: 2...Nc6 3 Bb5 g6.} f6 11. exf6 {11.e6 is the hot move.} exf6 12. Nc3 {The position is equal.} Bg4 13. h3 Bxf3 14. Qxf3 Nf5 15. Qd3 Qb6 16. Rd1 Rfe8 17. b3 Bf8 {[#]} 18. Bf4 $146 ({Predecessor:} 18. Bb2 Bd6 19. Na4 Qb7 20. Rac1 Rac8 21. Re1 Bb8 22. Nc5 Qg7 23. Qd2 Qc7 24. g3 Nxg3 25. fxg3 Qxg3+ {0-1 (56) Semenova,E (2260)-Naiditsch,Y (2393) St Petersburg 2018}) 18... Ba3 19. Rab1 {White wants to play b4!} a5 20. g4 Nd6 21. Na4 Qb4 22. f3 {[#]} (22. Kg2 $11 {remains equal.}) 22... Nb5 $1 $17 23. Bg3 Ra7 24. Bf2 Rae7 25. Rd2 $2 {Now White is beyond hope.} (25. Kg2 $17) 25... Qd6 $19 26. Rc2 Qf4 {...Bd6 is the strong threat.} 27. Nc5 $2 {[#]} (27. Rxc6 Bd6 28. Rxd6 Nxd6 29. Kg2) 27... Re3 $1 {[%mdl 512]} 28. Bxe3 (28. Qd1 Nxd4) 28... Rxe3 {[%mdl 64] Double Attack} 29. Qd1 Nxd4 {[%mdl 64] Double Attack} 30. Nd3 Nxf3+ 31. Kh1 Qg3 32. Qf1 {[#]} Rxd3 $1 {[%mdl 512]} 33. Qg2 (33. b4 Nd2) 33... Qh4 {( -> ...Ne1)} 34. Qf1 Re3 35. Rxc6 Ng5 {Black mates.} 36. Rc8+ Kg7 37. Rc7+ Kh6 38. Qf4 Qxh3+ 39. Qh2 Qxh2+ 40. Kxh2 Bd6+ {Weighted Error Value: White=0.86/Black=0.05} (40... Re2+ $142 41. Kg1 Rxa2 42. Kf1 Ne4 43. Kg1 Bd6 44. Rbc1 Bh2+ 45. Kf1 Bxc7 46. Rxc7 d4 47. Rd7 Nd2+ 48. Kg2 Nxb3+ 49. Kf3 a4 50. Kf4 a3 51. Rf7 Rb2 52. Ke4 a2 53. Ra7 Kg5 54. Kd5 d3 55. Rb7 a1=Q 56. Rb5 Qa4 57. Rb6 Qd7+ 58. Kc4 Qd4+ 59. Kb5 Qd5+ 60. Kb4 Qc5+ {[%mdl 64] Double Attack} 61. Ka4 Qa5#) 0-1

[Event "BLR-ch U20 Boys 2021"]
[Site "Minsk"]
[Date "2021.04.22"]
[Round "7.2"]
[White "Tsaruk, Maksim"]
[Black "Lazavik, Denis"]
[Result "1/2-1/2"]
[WhiteElo "2306"]
[BlackElo "2438"]
[Annotator "TA"]
[PlyCount "93"]
[EventDate "2021.04.20"]
[EventType "tourn"]
[EventCountry "BLR"]
[SourceTitle "playchess.com"]
[Source "ChessBase"]
[SourceQuality "1"]

{[%evp 29,93,25,31,32,43,38,44,44,26,29,25,24,17,23,27,31,31,28,27,18,33,30,25,18,18,0,0,0,26,8,8,8,10,0,0,0,0,0,0,0,0,0,0,0,11,11,28,12,17,12,12,12,19,19,19,19,19,8,8,8,8,15,17,0,8,0]} 1. e4 e5 2. Nf3 Nc6 3. Bb5 a6 4. Ba4 Nf6 5. O-O Be7 6. Re1 b5 7. Bb3 d6 8. c3 O-O 9. h3 Bb7 10. d4 Re8 11. Ng5 Rf8 12. Nf3 Re8 13. Nbd2 Bf8 14. a3 {14.Bc2 is the recent fashion.} h6 15. Bc2 d5 16. dxe5 {C93: Closed Ruy Lopez: Smyslov Variation.} Nxe5 17. Nxe5 Rxe5 18. Nf3 {White is slightly better.} Re8 {[%cal Rf6e4]} 19. e5 Ne4 20. Bf4 c5 21. a4 f5 {[#]} 22. axb5 $146 ({Predecessor:} 22. Nd2 Qh4 23. Nxe4 dxe4 24. Qd7 Qxf4 25. Qxb7 Rad8 26. Re2 Qxe5 27. axb5 axb5 28. Qxb5 Kh8 29. Qc4 Rb8 30. Ba4 {½-½ (37) Tari,A (2599)-Vidit,S (2718) Wijk aan Zee 2018}) 22... axb5 23. Rxa8 Bxa8 24. Nd2 Qh4 25. Be3 Bc6 26. f3 f4 27. fxe4 fxe3 28. Rxe3 {[#] aiming for exd5.} Qg5 29. Re1 Qxe5 30. Nf3 Qg3 {[%cal Rd5e4]} 31. exd5 Rxe1+ 32. Nxe1 Qe3+ 33. Kh1 Bd7 34. Nf3 Bd6 35. Qd2 (35. Qf1 {seems wilder.} Qf4 36. Qe1 Bxh3 37. Qe8+ Bf8 38. Bg6) 35... Qxd2 36. Nxd2 $11 {[%mdl 4096] Endgame KBB-KBN} Kf7 37. Ne4 Bf8 38. g4 c4 {The position is equal.} 39. b3 cxb3 40. Bxb3 Ke7 41. Kg2 g5 42. Kf3 Bg7 43. Ke3 Be8 44. c4 bxc4 45. Bxc4 Be5 46. Nc5 Kf6 47. Ne4+ {Weighted Error Value: White=0.04/Black=0.02} 1/2-1/2

[Event "BLR-ch U20 Boys 2021"]
[Site "Minsk"]
[Date "2021.04.22"]
[Round "7.4"]
[White "Silich, Yahor"]
[Black "Galkin, Gleb"]
[Result "1/2-1/2"]
[WhiteElo "2325"]
[BlackElo "2225"]
[Annotator "TA"]
[PlyCount "88"]
[EventDate "2021.04.20"]
[EventType "tourn"]
[EventCountry "BLR"]
[SourceTitle "playchess.com"]
[Source "ChessBase"]
[SourceQuality "1"]

{[%evp 11,88,14,22,11,29,23,20,15,29,20,18,18,39,15,20,20,22,33,33,35,91,33,52,42,35,33,26,22,29,22,26,30,61,5,40,35,43,22,34,23,24,20,25,25,18,18,83,87,68,22,22,20,27,23,37,18,20,18,18,22,18,18,27,4,4,2,8,8,8,8,8,4,4,4,4,4,4,4,3]} 1. e4 e5 2. Nf3 Nc6 3. Bc4 Bc5 4. O-O Nf6 5. d3 d6 6. c3 a6 7. a4 {C54: Giuoco Piano: 4 c3 Nf6, main lines with 5 d4 and 5 d3.} Ba7 8. Re1 h6 9. Nbd2 g5 10. b4 {[%cal Bb2b4,Bb4b5][%mdl 32]} Nh5 11. Nb3 {Black must now prevent b5.} Qf6 12. b5 {[#]} Ne7 $146 ({Predecessor:} 12... g4 13. bxc6 gxf3 14. d4 bxc6 15. Be3 Bg4 16. dxe5 dxe5 17. Bxa7 Nf4 18. g3 Nh3+ 19. Kh1 Rxa7 20. Ra2 h5 21. Nd4 h4 22. gxh4 exd4 {0-1 (22) Silich,Y (2131)-Moroni,L (2553) St Petersburg 2019}) 13. d4 {And now Nxe5 would win.} g4 14. Nfd2 Nf4 15. Nf1 Neg6 (15... h5 $14) 16. Ra2 (16. Ne3 $16) 16... h5 $14 17. Ne3 O-O 18. bxa6 bxa6 19. Nd5 Nxd5 20. Bxd5 Rb8 21. Be3 {[#] aiming for dxe5.} exd4 22. Nxd4 ({Much weaker is} 22. Bxd4 Bxd4 23. cxd4 Nf4 $11) (22. cxd4 $14 Ne7 23. Bc4) 22... Bb7 23. Bxb7 Rxb7 24. Qe2 (24. a5 {with more complications.} Bc5 25. Qd2 Ne5 26. Qe2 Rfb8 27. Kh1) 24... Bxd4 25. Bxd4 Qe6 26. Qxa6 Rfb8 27. Raa1 {Ba7 is the strong threat.} c5 $1 {[%cal Rc5d4]} 28. Be3 Ne5 {[#]} (28... Qxe4 $11 29. a5 Rb1) 29. Bf4 $1 $16 Nc4 30. Qc6 Rb6 31. Qd5 Qxd5 32. exd5 Ra8 33. h3 {White wants to play hxg4.} Rba6 $1 34. hxg4 hxg4 35. Kh2 Rxa4 36. Rxa4 Rxa4 $11 {[%mdl 4096] Endgame KRB-KRN} 37. Re4 {Hoping for Bxd6!} f5 {The position is equal.} 38. Re6 Ra2 (38... Ra3 {looks sharper.} 39. Bxd6 Rxc3 40. Bxc5 Rd3 41. Re7 Rxd5 42. Bb4 Rd3) 39. Bxd6 Nxd6 40. Rxd6 Rxf2 {KR-KR} 41. Rc6 Rd2 42. c4 f4 43. Rg6+ ({Avoid the trap} 43. Rxc5 $2 f3 $19) 43... Kf7 44. Rxg4 Rd4 {Weighted Error Value: White=0.09/Black=0.09} 1/2-1/2